000
00375nam a2200109Ia 4500
008
221009s9999 xx 000 0 und d
082
_a
891.433/MIT/N
100
_a
मित्र ,विमल
_9
67295
245
0
_a
सब झूठ है
260
_b
सजल पब्लिशर्स एण्ड डिस्ट्रीब्यूटर्स
942
_c
BK
999
_c
65075
_d
65075